000 00424nam a2200181Ia 4500
001 12951
005 20260306163018.0
008 260306t1999||||xx |||||||||||||| ||spa||
041 _aESP
082 _aRD 467
_bC28
100 _aCarpio Muñoz, Juan Guillermo
_eAUT
245 0 _aDiccionario de arequipeñismos
260 _c1999
300 _a
_c20 cm.
650 _aGEN
654 _aCHU
942 _cDIC
_dJUS
_fJUS
_2ddc
_n
999 _c12951
_d12951